Hledáme nadšence s otevřenou myslí
Rozhovor s Marekom Premusom, jedným z najmladších HR riaditeľov v Česku. Nová generácia HR.
Guardado en:
| Autor principal: | |
|---|---|
| Otros Autores: | |
| Formato: | Capítulo de libro |
| Lenguaje: | checo |
| Materias: | |
| Etiquetas: |
Sin Etiquetas, Sea el primero en etiquetar este registro!
|
MARC
| LEADER | 00000naa a2200000 4500 | ||
|---|---|---|---|
| 001 | 0246986 | ||
| 005 | 20180815122022.9 | ||
| 041 | 0 | |a cze | |
| 044 | |a CZ | ||
| 245 | 1 | 0 | |a Hledáme nadšence s otevřenou myslí |c Marek Premus, Alena Kazdová |
| 520 | |a Rozhovor s Marekom Premusom, jedným z najmladších HR riaditeľov v Česku. Nová generácia HR. | ||
| 610 | 2 | 0 | |a zdroje ľudské |
| 610 | 2 | 0 | |a osobnosť |
| 610 | 2 | 0 | |a riadenie ľudských zdrojov |
| 610 | 2 | 0 | |a manažment personálny |
| 610 | 2 | 0 | |a Česko |
| 100 | 1 | |a Premus, Marek | |
| 700 | 1 | |a Kazdová, Alena | |